000 00613nam a2200205 i 4500
001 73582
003 ES-MaACL
005 20230906171847.0
007 t|
008 040908s1951 sp ||||1| spa d
100 1 _aGómez Moreno, María Elena.
_9183418
245 1 0 _aBreve historia de la Escultura española /
_cpor Mª Elena Gómez Moreno.
250 _a2ª ed. ref. y amp.
260 _aMadrid :
_bDossat,
_c1951.
300 _aX, 245 p., 164 lám. ;
_c25 cm.
490 1 _aColección de arte
830 0 _aColección de arte
_9183419
852 _aES-MaACL
_jD-6818
_bR.31185
999 _c73582
_d73582